|
|
|
|
| LEADER |
01305nam a22003137a 4500 |
| 001 |
5506 |
| 003 |
BD-DhAAL |
| 005 |
20250804153200.0 |
| 008 |
171227t1995 bg ad|| bs|||f000 0|eng d |
| 020 |
|
|
|a 9845081835
|
| 040 |
|
|
|a BD-DhAAL
|d BD-DhAAL
|
| 041 |
|
|
|a eng
|a ben
|
| 082 |
|
|
|2 20
|a 304.6095492
|
| 245 |
1 |
0 |
|a Bangladesh population census,
|f 1991.
|p Zila : Nilphamari.
|
| 246 |
1 |
3 |
|a বাংলাদেশ আদমশুমারী,
|f ১৯৯১.
|p জেলা : নিলফামারী.
|
| 260 |
|
|
|a Dhaka :
|b Bangladesh Bureau of Statistics, Statistics Divi Ministry of Planning, Govt. of the People's Republic of Bangladesh,
|c 1995.
|
| 300 |
|
|
|a xiv, 130 pages :
|b illustrations, charts ;
|c 28 cm.
|
| 490 |
|
|
|a Community series
|
| 500 |
|
|
|a Chiefly statistical tables.
|
| 526 |
|
|
|a AAL
|
| 541 |
|
|
|e 5506
|
| 546 |
|
|
|a Includes prefatory matters also in Bengali.
|
| 651 |
|
|
|a Bangladesh
|x Population
|v Statistics.
|9 24365
|
| 651 |
|
|
|a Bangladesh
|x Census, 1991.
|9 24366
|
| 710 |
|
|
|a Bangladesh Bureau of Statistics
|9 24367
|
| 852 |
|
|
|a Ayesha Abed Library
|c General Stacks
|
| 942 |
|
|
|2 ddc
|c BK
|
| 999 |
|
|
|c 38889
|d 38889
|
| 952 |
|
|
|0 0
|1 0
|2 ddc
|4 0
|6 304_609549200000000_BAN
|7 1
|8 RPT
|9 62376
|a BRACUL
|b BRACUL
|c REF
|d 2017-12-27
|g 400.00
|l 0
|o 304.6095492 BAN
|p 3010005506
|r 2017-12-27
|t 1
|w 2017-12-27
|y BK
|